Name A Valid Country Flag Color A-Z - Statistics

General Stats
  • This quiz has been taken 594 times
  • The average score is 24 of 24
Answer Stats
Country Colors % Correct
Austria Red | White
100%
Germany Black | Red | Yellow
99%
Belgium Black | Yellow | Red
99%
Estonia Blue | Black | White
99%
France Blue | White | Red
99%
Denmark Red | White
99%
China Red | Yellow
99%
Kenya Black | White | Red | Green
98%
Honduras Blue | White
98%
Iceland Blue | White | Red
98%
Romania Blue | Yellow | Red
98%
Jamaica Green | Yellow | Black
98%
Qatar Red | White
98%
Turkey Red | White
98%
Netherlands Red | White | Blue
98%
United States Of America Red | White | Blue
98%
Oman Red | White | Green
98%
Spain Red | Yellow
98%
Madagascar White | Green | Red
98%
Lithuania Yellow | Green | Red
98%
Pakistan Green | White
97%
Venezuela Yellow | Blue | Red | White
97%
Zambia Green | Red | Black | Orange
96%
Yemen Red | White | Black
96%
No matching quizzes found
Score Distribution
Percent of People with Each Score
Percentile by Number Answered
Your Score History
You have not taken this quiz